MCSE work book (Record no. 82798)

MARC details
000 -LEADER
fixed length control field 00873nam a2200169 a 4500
008 - FIXED-LENGTH DATA ELEMENTS--GENERAL INFORMATION
fixed length control field 120416s1998 ||||||||||||||||| || u
020 ## - INTERNATIONAL STANDARD BOOK NUMBER
International Standard Book Number 8120314573
050 ## - LIBRARY OF CONGRESS CALL NUMBER
Classification number QA 76.9.I58 Sir
100 ## - MAIN ENTRY--PERSONAL NAME
Personal name Sirockman, Jason
245 10 - TITLE STATEMENT
Title MCSE work book
246 ## -
-- the interactive computer based training kit version 1.1
260 ## - PUBLICATION, DISTRIBUTION, ETC.
Place of publication, distribution, etc. New Delhi
Name of publisher, distributor, etc. FT Prentice-Hall
Date of publication, distribution, etc. 1998
350 ## -
-- 0.00
995 ## -
-- ANNEX COLLECTION (Main Library)
-- 0.00
-- 732581
-- CBU-MAIN LIBRARY (Kitwe)
-- 3
-- 20.00
-- QA 76.9.I58 Sir
-- 3
-- AVAILABLE
-- 029728
-- Annex Low-Usage Collection
995 ## -
-- MAIN LIBRARY OPEN ACCESS
-- 0.00
-- 732583
-- CBU-MAIN LIBRARY (Kitwe)
-- 1
-- 20.00
-- QA 76.9.I58 Sir
-- 1
-- AVAILABLE
-- 029726
-- Main Library Open Access Collection
995 ## -
-- ANNEX COLLECTION (Main Library)
-- 0.00
-- 732584
-- CBU-MAIN LIBRARY (Kitwe)
-- 2
-- 20.00
-- QA 76.9.I58 Sir
-- 2
-- AVAILABLE
-- 029725
-- Annex Low-Usage Collection
999 ## -
-- 82798
-- 82798
Holdings
Withdrawn status Lost status Source of classification or shelving scheme Damaged status Not for loan Permanent Location Current Location Shelving location Date acquired Total Checkouts Full call number Barcode Date last seen Copy number Price effective from Koha item type
          CBU-MAIN LIBRARY, KITWE. CBU-MAIN LIBRARY, KITWE.   09/29/2023   QA 76.9.I58 Sir 029728 09/29/2023 1 09/29/2023 MONOGRAPH
          CBU-MAIN LIBRARY, KITWE. CBU-MAIN LIBRARY, KITWE.   09/29/2023   QA 76.9.I58 Sir 029726 09/29/2023 2 09/29/2023 MONOGRAPH
          CBU-MAIN LIBRARY, KITWE. CBU-MAIN LIBRARY, KITWE.   09/29/2023   QA 76.9.I58 Sir 029725 09/29/2023 3 09/29/2023 MONOGRAPH